Vista normal
Vista MARC
Entrada Personal Name
Número de registros utilizados en: 1
001 - CONTROL NUMBER
- control field: 25422
003 - CONTROL NUMBER IDENTIFIER
- control field: OSt
005 - DATE AND TIME OF LATEST TRANSACTION
- control field: 20230915231139.0
008 - FIXED-LENGTH DATA ELEMENTS
- fixed length control field: 230915|| aca||aabn | a|a d
040 ## - CATALOGING SOURCE
- Original cataloging agency: OSt
- Transcribing agency: OSt
100 ## - HEADING--PERSONAL NAME
- Personal name: Llinas, Rodolfo R
670 ## - SOURCE DATA FOUND
- Source citation: Work cat.: (OSt)27352: Llinas, Rodolfo R., El cerebro y el mito del yo . El papel de las neuronas en el pensamiento y el comportamiento humanos, Norma